Sinéctica /

Gorde:
Xehetasun bibliografikoak
Formatua: Aldizkako argitalpena
Hizkuntza:gaztelania
Gaiak:
Etiketak: Etiketa erantsi
Etiketarik gabe, Izan zaitez lehena erregistro honi etiketa jartzen!

MARC

LEADER 00000nas^a2200000^a^4500
001 000090828
005 20260323000000.0
009 20260407171744.706
022 |a 1665-109X 
037 |a Acervo ITESO - Biblioteca 
041 |a ESP 
094 |a 540 
245 0 0 |a Sinéctica / 
264 |a Guadalajara, México :  |b ITESO, Departamento de Educación y Valores,  |c 1992- 
300 |a volúmenes 
310 |a Semestral 
321 |a Semestral,  |b 1992 (ago.)-2005 (ene.) 
321 |a Anual,  |b 2005 (jul.)- 
336 |a texto  |b txt  |2 rdacontenido 
337 |a sin mediación  |b n  |2 rdamedio 
338 |a volumen  |b nc  |2 rdasoporte 
362 |a No. 1 (ago. 1992)- 
599 |a No vigente  |b Donación 
649 |a XX 
650 |a ITESO -  |x Publicaciones Periódicas 
650 |a Educación -  |x Publicaciones Periódicas Jaliscienses -  |x Tema Principal 
650 |a Educación -  |x Publicaciones Periódicas Mexicanas 
650 |a Publicaciones Periódicas Jaliscienses 
650 |a Publicaciones Periódicas Mexicanas 
910 |a Fondo General 
920 |a Impresos - Publicaciones Periódicas 
905 |a 105 
902 |a https://opac.biblio.iteso.mx/vufind/Record/000090828